000 00641nam a2200181 i 4500
001 149638
003 ES-MaACL
005 20230906203205.0
007 t|
008 071023s1971 sp ||||1| spa d
100 1 _aVasiliev, Mihail Vasilievich.
_9113273
245 1 0 _aReportaje desde el siglo XXI
_b: los científicos soviéticos pronostican el futuro /
_cM. Vasiliev y S.Z. Gouschev ; [traductor y adaptador: Jacinto Barrio-Capilla].
260 _aMadrid :
_bAlianza,
_c[1971]
300 _a224 p. ;
_c18 cm.
700 1 _aGouschev, S. Z.
_959368
700 1 _aBarrio-Capilla, Jacinto.
_926000
852 _aES-MaACL
_jC-46533
_bR.76647
999 _c149638
_d149638